00441nam a2200157Ia 4500003000400000005001700004008004100021040000700062082001900069100004300088245004800131260004500179365000800224650002900232650002200261OSt20230527123146.0210423s1984 xx 000 0 und d cAL a323 223bJOSD aJOSEPH (George Desnochers);JOHN (Baw). aDevelopment human rights and action groups. aBangalorebCentr for social actionc1984 cINR aCivil & Political Rights aPolitical Science